NCAAM DIII Basketball Logo Quiz: Coast to Coast - Statistics

General Stats
  • This quiz has been taken 5 times
  • The average score is 2 of 7
Answer Stats
Picture Answer % Correct
UC Santa Cruz
100%
Christopher Newport
60%
Salisbury
60%
Mary Washington
20%
Johnson & Wales
0%
Regent
0%
Warren Wilson
0%
No matching quizzes found
Score Distribution
Percent of People with Each Score
Percentile by Number Answered
Your Score History
You have not taken this quiz